<?xml version="1.0" encoding="UTF-8"?>
<marc:record xmlns:marc="http://www.loc.gov/MARC21/slim">
   <marc:leader>00000nam a2200000 a 4500</marc:leader>
   <marc:datafield ind1="1" ind2=" " tag="100">
      <marc:subfield code="a">Dürr, Julia</marc:subfield>
      <marc:subfield code="4">aut</marc:subfield>
      <marc:subfield code="e">Verfasser/-in</marc:subfield>
   </marc:datafield>
   <marc:datafield ind1=" " ind2=" " tag="653">
      <marc:subfield code="a">Globalisierung</marc:subfield>
   </marc:datafield>
   <marc:datafield ind1=" " ind2=" " tag="653">
      <marc:subfield code="a">Lieferkette</marc:subfield>
   </marc:datafield>
   <marc:datafield ind1=" " ind2=" " tag="653">
      <marc:subfield code="a">Produktion</marc:subfield>
   </marc:datafield>
   <marc:datafield ind1="0" ind2="0" tag="245">
      <marc:subfield code="a">Wo kommen unsere Sachen her?</marc:subfield>
   </marc:datafield>
   <marc:datafield ind1="0" ind2="0" tag="245">
      <marc:subfield code="b">Auf Lieferwegen um die Welt</marc:subfield>
   </marc:datafield>
   <marc:datafield ind1=" " ind2="1" tag="264">
      <marc:subfield code="b">Beltz &amp; Gelberg</marc:subfield>
      <marc:subfield code="c">2023</marc:subfield>
   </marc:datafield>
   <marc:datafield ind1="1" ind2=" " tag="520">
      <marc:subfield code="a">Mit dem Schiff? Mit dem Zug? Mit dem Flugzeug? Oder mit dem Lkw? In detailreichen Bildern und kurzen Texten fu¨hrt Julia Du¨rr durch das große Thema der Globalisierung. Irgendwie reisen deine Sachen von einem Ende der Welt bis zu dir nach Hause. Aber wie und warum? Dieses Buch begleitet einen Schokoaufstrich, einen Stuhl und ein Kuscheltier. Wie wird aus Öl ein Kuscheltier? Und wie kommt es im Versandpaket bis zu deiner Haustür? Die Wege der Sachen führen uns durch aufregende Orte wie den Containerhafen, den Gu¨terbahnhof, das Hochregallager oder an den Frachtflughafen.</marc:subfield>
   </marc:datafield>
   <marc:datafield ind1=" " ind2=" " tag="020">
      <marc:subfield code="a">9783407757104</marc:subfield>
      <marc:subfield code="9">9783407757104</marc:subfield>
   </marc:datafield>
</marc:record>
